000 00605nam a2200229 a 4500
999 _c4941
_d4941
001 4941
003 BD-JhCC
005 20180211191426.0
008 171205s19651966c |||| || | 000 0 eng d
035 _a(BD-JhCC)4941
040 _aBD-JhCC
_dBD-JhCC
041 _aeng
082 _a425
_bCAI 1966
100 _aCairns, John
245 _aDrills and Practice in English Language /
_cJohn Cairns and John Munonye,
260 _aAfrica :
_bAfrican University Press,
_c1966
300 _a54 p. :
_c23 cm.
650 _aEnglish Language
700 _aMunonye, John
942 _2ddc
_cBK